| 000 | 00343nam a2200133Ia 4500 | ||
|---|---|---|---|
| 003 | GCL | ||
| 008 | 140319s9999 xx 000 0 eng d | ||
| 040 |
_aGCL / _cGCL |
||
| 082 | 0 | 4 |
_a652.5416 _bM W |
| 100 | 1 | _aMONSFIELD, RON | |
| 245 | 1 | 0 |
_aWord 5.1 For the Mac How to Book / _cMONSFIELD, RON |
| 260 |
_a[S.N] : _bSYBEX ، _c1993 |
||
| 300 | _a859 | ||
| 999 |
_c16898 _d16898 |
||